| 000 | 00786cam a2200229 a 4500 | ||
|---|---|---|---|
| 001 | 000008467 | ||
| 005 | 20200929161339.0 | ||
| 008 | 800802s1976 pr 001 p spa | ||
| 040 |
_aDO-SdBNP _bspa _cBNPHU |
||
| 082 |
_aPR861.44 _bR621p |
||
| 100 | 1 |
_aRivera, Etnairis _922773 |
|
| 245 | 1 | 0 |
_aPachamamapa Takin / _cEtnairis Rivera; Francisco Matos Paoli. |
| 260 |
_aSan Juan, Puerto Rico : _bInstituto de Cultura Puertorriqueña, _c1976. |
||
| 300 |
_a111 p. : _bil. ; _c18 cm. |
||
| 490 | 1 |
_aLiteratura Hoy _vno. 6 |
|
| 650 | 4 |
_aPoesía puertorriqueña _91015 |
|
| 650 | 4 |
_aLiteratura puertorriqueña _9250 |
|
| 650 | 4 |
_aNaturaleza _xPoesías _922774 |
|
| 650 | 4 |
_aCanciones _xPoesías _922775 |
|
| 700 | 1 |
_aMatos Paoli, Francisco _99210 |
|
| 830 | 0 |
_aSerie Literatura Hoy ; _vno. 6 _917286 |
|
| 999 |
_c8238 _d8238 |
||